Κατάλογος Βιβλιοθηκών Mediterranean College

Golden Grammar Exercises / 1 (Record no. 4219)

MARC details
000 -LEADER
fixed length control field 00855cam a22001934a 4500
005 - ΗΜΕΡΟΜΗΝΙΑ ΚΑΙ ΩΡΑ ΤΕΛΕΥΤΑΙΑΣ ΕΝΗΜΕΡΩΣΗΣ
Πεδίο ελέγχου 20250605164140.0
008 - FIXED-LENGTH DATA ELEMENTS--GENERAL INFORMATION
Πεδίο ελέγχου σταθερού μήκους 250528s ||||||||||||||||||||||||d
035 ## - SYSTEM CONTROL NUMBER
System control number 18918
020 ## - ISBN
ISBN 9608516919
040 ## - ΠΗΓΗ ΚΑΤΑΛΟΓΟΓΡΑΦΗΣΗΣ
Φορέας πρωτότυπης καταλογογράφησης MC Athens Campus Library
Γλώσσα καταλογογράφησης Ελληνικά, Μοντέρνα (1453-)
Modifying agency MC Athens Campus Library
Κανόνες περιγραφικής καταλογογράφησης AACR2
245 1# - ΤΙΤΛΟΣ ΚΑΙ ΔΗΛΩΣΗ ΥΠΕΥΘΥΝΟΤΗΤΑΣ
Τίτλος Golden Grammar Exercises / 1
260 ## - PUBLICATION, DISTRIBUTION, ETC.
Name of publisher, distributor, etc. Golden Series Editions,
Date of publication, distribution, etc. 1993
300 ## - PHYSICAL DESCRIPTION
Extent 56
520 ## - SUMMARY, ETC.
Summary, etc. This book contains selected activities conforming to the respective class syllabus. Personal Pronouns, The Verb to Be, The Verb to Be, The Verb to Have, Plural, Possessive Case, Relative Pronouns, Some - Any, Auxiliary Verbs, Adjectives - Adverbs, Comparison, Propositions of Place, Prepositions of Time, Reflexive/ Emphasizing Pronouns, Imperative, Passive Voice, Irregular Verbs.
700 1# - ΠΡΟΣΘΕΤΗ ΑΝΑΓΡΑΦΗ--ΦΥΣΙΚΟ ΠΡΟΣΩΠΟ
Personal name Giannakopoulou Helen
9 (RLIN) 2945
942 ## - ADDED ENTRY ELEMENTS (KOHA)
Koha item type Books
Holdings
Τύπος τεκμηρίου Βιβλιοθήκη Τρέχουσα τοποθεσία Barcode Αριθμός εισαγωγής Ημερομηνία απόκτησης Ταξιθετικό σύμβολο Αριθμός αντιτύπου Κατάσταση απόσυρσης Κατάσταση χαμένου Κατάσταση κατεστραμμένου Μη δανεισμός Σύνολο δανεισμών Ημερομηνία τελευταίας εμφάνισης Η τιμή ισχύει από
Books MC Athens Campus Library MC Athens Campus Library 9780000042187 3843 05/06/2025 428.2489 GIA N.1 1           05/06/2025 05/06/2025

MC Athens Campus Library
Πατησίων 94 & Κοδριγκτώνος 13, 104 34
Πελλήνης 8 & Πατησίων 107, 112 51
Τ: +30 210 8899600

MC Thessaloniki Campus Library
Ίωνος Δραγούμη 21, 54625 | Ίωνος Δραγούμη 15, 54625
Τ: +30 2310 287779 – Τ: +30 2314 440300